|
|
|
|
| LEADER |
01043nam a2200289 a 4500 |
| 001 |
c000177634 |
| 003 |
CARM |
| 005 |
19890614000000.0 |
| 008 |
841102s1985 maua 001 0 eng |
| 010 |
|
|
|a 84023395 //r87
|
| 019 |
1 |
|
|a 3510575
|z 21883495
|z 23902639
|5 LACONCORD2021
|
| 020 |
|
|
|a 053404185X
|c $24.75
|
| 035 |
|
|
|a (OCoLC)11318133
|5 LACONCORD2021
|
| 040 |
|
|
|a LC
|b eng
|c LC
|d ABN-SNR
|
| 050 |
0 |
0 |
|a HF5657.4
|b .D66 1985
|
| 082 |
0 |
4 |
|a 658.1/5
|2 19
|
| 100 |
1 |
|
|a Dominiak, Geraldine F.
|
| 245 |
1 |
0 |
|a Managerial accounting /
|c Geraldine F. Dominiak, Joseph G. Louderback III.
|
| 250 |
|
|
|a 4th ed.
|
| 260 |
|
|
|a Boston, Mass. :
|b Kent Pub. Co.,
|c c1985.
|
| 300 |
|
|
|a xxiv, 794 p. :
|b ill. ;
|c 24 cm.
|
| 500 |
|
|
|a Includes index.
|
| 650 |
|
0 |
|a Managerial accounting.
|
| 700 |
1 |
|
|a Louderback, Joseph G.
|
| 852 |
8 |
|
|b CARM
|h A3:AF05B0
|i D07269
|p 0240462
|f BK
|
| 999 |
f |
f |
|i 2f588180-dc52-5eeb-8150-59326ea380a0
|s 13d5283d-d388-5c31-929b-65748b5f316b
|
| 952 |
f |
f |
|p Can circulate
|a CAVAL
|b CAVAL
|c CAVAL
|d CARM 1 Store
|e D07269
|f A3:AF05B0
|h Other scheme
|i book
|m 0240462
|